书目信息 |
| 题名: |
现代经济写作
|
|
| 作者: | 孙沛然 , 杨慧瑞 编著 | |
| 分册: | ||
| 出版信息: | 杭州 浙江大学出版社 2000.06 |
|
| 页数: | 255页 | |
| 开本: | 32开 | |
| 丛书名: | ||
| 单 册: | ||
| 中图分类: | H152.3 | |
| 科图分类: | ||
| 主题词: | 汉语--写作 , 汉语--修辞 | |
| 电子资源: | ||
| ISBN: | 7-308-02365-6 | |
| 000 | 00627nam0 2200217 45 | |
| 001 | 0010071091 | |
| 005 | 20001007105211.6 | |
| 010 | @a7-308-02365-6@d14.00元 | |
| 100 | @a20001007d2000 km y0chiy0120 ea | |
| 101 | 0 | @achi |
| 105 | @a z 000yy | |
| 200 | 1 | @a现代经济写作@AXian Dai Jing Ji Xie Zuo@f孙沛然,杨慧瑞编著@FSun Pei Ran,Yang Hui Rui Bian Zhu |
| 210 | @a杭州@c浙江大学出版社@d2000.06 | |
| 215 | @a255页@d32开 | |
| 606 | 0 | @a汉语@x写作 |
| 606 | 0 | @a汉语@x修辞 |
| 690 | @aH152.3@v3 | |
| 701 | 0 | @a孙沛然@4编著 |
| 701 | 0 | @a杨慧瑞@4编著 |
| 801 | @aCN@bPftUser@c20001007 | |
| 905 | @b170349-353@dH152.3@eS713=2@f5 | |
| 现代经济写作/孙沛然,杨慧瑞编著.-杭州:浙江大学出版社,2000.06 |
| 255页;32开 |
| ISBN 7-308-02365-6:14.00元 |
| ● |
| 相关链接 |
|
|
|
正题名:现代经济写作
索取号:H152.3/S713=2
 
预约/预借
| 序号 | 登录号 | 条形码 | 馆藏地/架位号 | 状态 | 备注 |
| 1 | 170349 | 201703497 | 语言库209/209语言库 75排3列2层/ [索取号:H152.3/S713=2] | 在馆 | |
| 2 | 170350 | 201703503 | 语言库209/209语言库 75排3列2层/ [索取号:H152.3/S713=2] | 在馆 | |
| 3 | 170351 | 201703512 | 语言库209/209语言库 75排3列2层/ [索取号:H152.3/S713=2] | 在馆 | |
| 4 | 170352 | 201703521 | 语言库209/209语言库 75排3列2层/ [索取号:H152.3/S713=2] | 在馆 | |
| 5 | 170353 | 201703530 | 语言库209/209语言库 75排3列2层/ [索取号:H152.3/S713=2] | 在馆 |